| 000 | 00445nam a2200169 i 4500 | ||
|---|---|---|---|
| 001 | 101895 | ||
| 003 | ES-MaACL | ||
| 005 | 20230906183014.0 | ||
| 007 | t| | ||
| 008 | 051026s1936 gw ||||1| ger d | ||
| 100 | 1 |
_aMell, Max. _979982 |
|
| 245 | 1 | 4 |
_aDas Nachfolge-Christi-Spiel / _cvon Max Mell. |
| 250 | _a[2ยช ed.]. | ||
| 260 |
_aLeipzig : _bInsel-Verlag, _c1936. |
||
| 300 |
_a143 p. ; _c19 cm. |
||
| 852 |
_aES-MaACL _jF-15527 _bR.19129 |
||
| 999 |
_c101895 _d101895 |
||